000 00890cab a2200241 4500
001 WB3439-08
008 090401t1998 xxu||||| |||| 00| 0 eng d
035 _a(Sirsi) u88969
041 _aeng
245 _aWestern Corridor slump worry
260 _c1998
350 _a0
490 _aProperty Week
_v63(24) 9 October 1998, 6(1)
520 _aDespite concern that the Western Corridor may be in a decline, there have been a significant number of new lettings over the past few weeks. Any slowdown is being concealed at present, by the current shortage of available space.
650 _aBUSINESS SPACE
650 _aPROPERTY-COMMERCIAL PROPERTY-OFFICE PROPERTY-OFFICE PROPERTY MARKET
650 _aSLOWDOWN
650 _aTRADING ESTATE
650 _aWESTERN CORRIDOR
690 _aPROPERTY-COMMERCIAL PROPERTY-COMMERCIAL PROPERTY MARKET
942 _n0
948 _c14/10/1998
999 _c56253
_d56253